| 000 | 01063nam a2200241Ia 4500 | ||
|---|---|---|---|
| 003 | Ost | ||
| 005 | 20260507075643.0 | ||
| 008 | 260507s9999||||xx |||||||||||||| ||und|| | ||
| 020 | _a7406404977 | ||
| 040 | _cfsecg | ||
| 041 | _aara | ||
| 082 | _a345.03 | ||
| 100 |
_aأحمد، هلالي عبد الله _eمؤلف |
||
| 245 | 0 |
_aالجوانب الموضوعية والإجرائية لجرائم المعلوماتية على ضوء اتفاقية بودابست الموقعية في 23 نوفمبر 2001 / _c هلالي عبد الله أحمد |
|
| 260 |
_aالقاهرة: _bدار النهضة العربية, _c2003 |
||
| 300 |
_a319 صفحة؛ _bإيضاحات ؛ _c25 سم |
||
| 504 | _aمراجع ص.310 | ||
| 520 | _aالتعريف بمصطلحات البحث، الجوانب الموضوعية لجرائم المعلوماتية، الجوانب الإجرائية لجرائم المعلوماتية | ||
| 653 | _aالجرائم | ||
| 653 | _aالجرائم المعلوماتية | ||
| 653 | _aالمعلومات | ||
| 942 | _cكتاب | ||
| 999 |
_c45445 _d45445 |
||